Mönchengladbacher Stadtteile auf einer Karte - Statistiken

Allgemein
  • Dieses Quiz wurde 366 mal gespielt
  • Das Durchschnittsergebnis liegt bei 14 aus 44
Antworten auf der Karte
Die Antworten werden auf der Karte rot bzw. grün angezeigt, abhängig davon wie oft sie richtig erraten wurden.
 
Antwortstatistiken
Stadtbezirk Nr. Stadtteil % Korrekt
Süd 3 03 Rheydt
89%
Nord 1 02 Eicken
59%
Ost 2 05 Lürrip
56%
West 4 06 Holt
54%
Nord 1 01 Windberg
52%
Nord 1 10 Venn
48%
West 4 05 Hehn
40%
Nord 1 08 Ohler
39%
West 4 04 Wanlo
38%
Süd 3 07 Pongs
37%
West 4 09 Rheindahlen-Mitte
36%
Nord 1 04 Gladbach
35%
Nord 1 09 Hardt-Mitte
35%
West 4 08 Rheindahlen-Land
34%
Ost 2 03 Neuwerk-Mitte
33%
Süd 3 13 Odenkirchen-Mitte
33%
West 4 03 Wickrathberg
33%
Nord 1 07 Dahl
32%
Nord 1 11 Hardter Wald
32%
Ost 2 10 Giesenkirchen-Mitte
31%
Süd 3 04 Mülfort
31%
Süd 3 12 Odenkirchen-West
31%
West 4 01 Wickrath-Mitte
31%
Ost 2 01 Bettrath-Hoven
30%
West 4 07 Hauptquartier
29%
Ost 2 04 Uedding
29%
Süd 3 06 Geistenbeck
28%
Ost 2 09 Schelsen
28%
Ost 2 02 Flughafen
27%
Ost 2 08 Giesenkirchen-Nord
27%
West 4 02 Wickrath-West
26%
Süd 3 09 Grenzlandstadion
25%
Süd 3 11 Hockstein
25%
Ost 2 06 Hardterbroich-Pesch
24%
Süd 3 14 Sasserath
24%
Nord 1 06 Westend
24%
Süd 3 08 Schrievers
23%
Nord 1 05 Waldhausen
23%
Süd 3 10 Schmölderpark
22%
Nord 1 03 Am Wasserturm
20%
Süd 3 01 Schloss Rheydt
20%
Süd 3 02 Bonnenbroich-Geneicken
19%
Ost 2 07 Bungt
18%
Süd 3 05 Heyden
18%
Keine übereinstimmenden Quizze gefunden
Verteilung der Resultate
Anzahl Personen mit jedem Resultat
Perzentil nach korrekt beantworteten Fragen
Ihre Resultats-Entwicklung
Sie haben dieses Quiz noch nicht gespielt